<?xml version="1.0" encoding="UTF-8"?>
<collection xmlns:xsi="http://www.w3.org/2001/XMLSchema-instance" xsi:schemaLocation="http://www.loc.gov/MARC21/slim http://www.loc.gov/standards/marcxml/schema/MARC21slim.xsd" xmlns="http://www.loc.gov/MARC21/slim">
 <record>
  <leader>00000cam a22000003i 4500</leader>
  <controlfield tag="001">UP-1685594773862137279</controlfield>
  <controlfield tag="003">Buklod</controlfield>
  <controlfield tag="005">20181015165823.0</controlfield>
  <controlfield tag="006">g||| |     ||   ||</controlfield>
  <controlfield tag="007">ta</controlfield>
  <controlfield tag="008">181015s1993    acaab   rb   |||| u|eng d</controlfield>
  <datafield tag="020" ind1=" " ind2=" ">
   <subfield code="a">0867404140</subfield>
  </datafield>
  <datafield tag="035" ind1=" " ind2=" ">
   <subfield code="a">(iLib)UPBAG-00031815835</subfield>
  </datafield>
  <datafield tag="040" ind1=" " ind2=" ">
   <subfield code="a">OCLC</subfield>
   <subfield code="d">BAG</subfield>
   <subfield code="e">rda</subfield>
  </datafield>
  <datafield tag="041" ind1="0" ind2=" ">
   <subfield code="a">eng</subfield>
  </datafield>
  <datafield tag="090" ind1=" " ind2="0">
   <subfield code="a">QH 75 A1</subfield>
   <subfield code="b">T73 1993</subfield>
  </datafield>
  <datafield tag="245" ind1="0" ind2="0">
   <subfield code="a">Traditional ecological knowledge</subfield>
   <subfield code="b">wisdom for sustainable development</subfield>
   <subfield code="c">edited by Nancy M. Williams and Graham Baines ; with the assistance of Attracta Brownlee.</subfield>
  </datafield>
  <datafield tag="264" ind1=" " ind2="1">
   <subfield code="a">Canberra, Australia, ACT : Centre for Resource and Environmental Studies, Australian National University</subfield>
   <subfield code="c">[1993]</subfield>
  </datafield>
  <datafield tag="300" ind1=" " ind2=" ">
   <subfield code="a">x, 185 pages</subfield>
   <subfield code="b">illustrations, maps</subfield>
   <subfield code="c">30 cm</subfield>
  </datafield>
  <datafield tag="336" ind1=" " ind2=" ">
   <subfield code="a">text</subfield>
   <subfield code="2">rdacontent</subfield>
  </datafield>
  <datafield tag="337" ind1=" " ind2=" ">
   <subfield code="a">unmediated</subfield>
   <subfield code="2">rdamedia</subfield>
  </datafield>
  <datafield tag="338" ind1=" " ind2=" ">
   <subfield code="a">volume</subfield>
   <subfield code="2">rdacarrier</subfield>
  </datafield>
  <datafield tag="500" ind1=" " ind2=" ">
   <subfield code="a">&quot;Based on the Traditional Ecological Knowledge Workshop, Center for Resource and Environmental Studies, Australian National University, Canberra 18-29 April 1988.&quot;--Title page.</subfield>
  </datafield>
  <datafield tag="504" ind1=" " ind2=" ">
   <subfield code="a">Includes bibliographical references.</subfield>
  </datafield>
  <datafield tag="505" ind1="0" ind2=" ">
   <subfield code="a">Partnerships in tradition and science / Graham Baines and Nancy Williams -- What is Traditional Ecological Knowledge? -- Traditional Ecological Knowledge - some definitions / Henry T. Lewis -- What is Traditional Ecological Knowledge? / Eugene Hunn -- The ethnobiological foundation for TEK / Eugene Hunn -- The significance and application of TEK / Chris Healey -- The current status of TEK: Papua New Guinea and North America / Chris Healey and Eugene Hunn -- Traditional Ecological Knowledge: a lens on time / Neville White and Betty Meehan -- Approach and method -- Field methods in ethnozoology / Ralph Bulmer and Chris Healey -- Traditional Ecological Knowledge for resource management in Marovo, Solomon Islands / Graham Baines and Edvard Hviding -- The value of the long-term perspective: environmental history and Traditional Ecological Knowledge / Lesley Head -- Linguistic evidence in support of a holistic approach to Traditional Ecological Knowledge / Daive Wilkins -- Recording and applying Aboriginal Botanical Knowledge in Western Australia / Arpad C. Kalotas -- The importance of researchers' expertise in environmental subjects / Robert E. Johannes and Henry T. Lewis -- The current relevance of ethnohistorical and archaeological systems / Matthew Spriggs -- Reflections on ecologies for the Twenty-first century / Deborah Bird Rose -- Case studies -- Learning about fire: Western desert aborigines / Richard G. Kimber -- Traditional aboriginal land use in the Borroloola Region / Richard Baker -- Traditional Ecological Knowledge for fishermen and marine hunters / Robert E. Johannes -- Hunting birds of paradise in Papua New Guinea / Chris Healey -- Lime collection and its effects on coral reefs: a case study / Holly McEldowney -- Traditional land users as a legitimate source of environmental expertise / M.M.R. Freeman -- Responding to environmental perturbations in Papua New Guinea / Chris Healey -- Appendices -- The use of an ethnobotanical information sheet / Fiona Walsh -- Some examples of recording and applying aboriginal botanical knowledge in Western Australia - a regional review / Arpad C. Kalotas.</subfield>
  </datafield>
  <datafield tag="520" ind1=" " ind2=" ">
   <subfield code="a">Collection of papers from the Traditional Ecological Knowledge Workshop, Centre for Resource and Environmental Studies, ANU, 1988; articles by Head, Kalotas, Rose, Kimber, Baker, Johannes, Wilkins, Walsh, White and Meehan annotated separately.</subfield>
  </datafield>
  <datafield tag="650" ind1=" " ind2="0">
   <subfield code="a">Conservation of natural resources</subfield>
   <subfield code="v">Congresses.</subfield>
  </datafield>
  <datafield tag="650" ind1=" " ind2="0">
   <subfield code="a">Ecology</subfield>
   <subfield code="v">Congresses.</subfield>
  </datafield>
  <datafield tag="650" ind1=" " ind2="0">
   <subfield code="a">Environmental protection</subfield>
   <subfield code="v">Congresses.</subfield>
  </datafield>
  <datafield tag="650" ind1=" " ind2="0">
   <subfield code="a">Ethnobotany</subfield>
   <subfield code="v">Congresses.</subfield>
  </datafield>
  <datafield tag="650" ind1=" " ind2="0">
   <subfield code="a">Ethnozoology</subfield>
   <subfield code="v">Congresses.</subfield>
  </datafield>
  <datafield tag="650" ind1=" " ind2="0">
   <subfield code="a">Economic development</subfield>
   <subfield code="x">Environmental aspects</subfield>
   <subfield code="v">Congresses.</subfield>
  </datafield>
  <datafield tag="700" ind1="1" ind2=" ">
   <subfield code="a">Williams, Nancy M.</subfield>
   <subfield code="q">(Nancy Margarett)</subfield>
   <subfield code="d">1929-</subfield>
   <subfield code="e">editor.</subfield>
  </datafield>
  <datafield tag="700" ind1="1" ind2=" ">
   <subfield code="a">Baines, Graham</subfield>
   <subfield code="e">editor.</subfield>
  </datafield>
  <datafield tag="700" ind1="1" ind2=" ">
   <subfield code="a">Brownlee, Attracta</subfield>
   <subfield code="e">other.</subfield>
  </datafield>
  <datafield tag="711" ind1="2" ind2=" ">
   <subfield code="a">Traditional Ecological Knowledge Workshop</subfield>
   <subfield code="d">(1988</subfield>
   <subfield code="c">Australian National University).</subfield>
  </datafield>
  <datafield tag="905" ind1=" " ind2=" ">
   <subfield code="a">FO</subfield>
  </datafield>
  <datafield tag="852" ind1="0" ind2=" ">
   <subfield code="a">UPBAG</subfield>
   <subfield code="b">UPBAG-MAIN</subfield>
   <subfield code="h">QH 75 A1 T73 1993</subfield>
  </datafield>
  <datafield tag="942" ind1=" " ind2=" ">
   <subfield code="a">Book</subfield>
  </datafield>
 </record>
</collection>
